000 00461nam a2200193Ia 4500
005 20240823014441.0
008 240823s9999||||xx |||||||||||||| ||und||
020 _a81-219-2009-4
041 _aENGLISH
082 _A628 P1
100 _aBaljeet S Kapoor
245 0 _aEnvironmental Sanitation
250 _a1st
260 _c2001
_bS chand New D
_aNew Delhi
500 _aYES
650 _aEnvironment Engg
_bMechanical
942 _cBK
999 _c170120
_d170120